000 01309nam a2200361Ii 4500
001 DIGEDLEV0001
003 NyNyDIG
006 m o d
007 cr |||||||||||
008 240711s2021 ag o 000 0 spa d
035 _a(OCoLC)1449536732
040 _aDGITA
_beng
_erda
_epn
_cDGITA
020 _a9789878381428
_qeBook
050 1 4 _aPN1576 ebook
100 1 _aDurán, Ana,
_eauthor.
245 1 0 _aNuevos públicos, artes escénicas y escuela :
_bcuando los jóvenes devienen espectadores /
_cAna Durán.
264 1 _aCiudad de Buenos Aires, Argentina :
_bEditorial Leviatán,
_c[2021]
300 _a1 online resource.
336 _atext
_btxt
_2rdacontent
337 _acomputer
_bc
_2rdamedia
338 _aonline resource
_bcr
_2rdacarrier
347 _atext file
_2rdaft
347 _bPDF
500 _aSubtitle taken from cover.
504 _aIncludes bibliographical references.
588 0 _aOnline resource; title from PDF title page (Digitalia, viewed July 11, 2024)
650 0 _aPerforming arts
_xStudy and teaching.
791 2 _aDigitalia (Firm),
_edistributor.
793 0 _gDigitalia eBook Collection:
_aEditorial Leviatán
856 4 0 _3Digitalia Hispánica
_uhttps://www.digitaliapublishing.com/a/133974/
910 _aPremium collection: 2024
942 _cRAA
999 _c282963
_d282963